000 01063nam a22002177a 4500
999 _c3294
_d3294
003 AR-CdUCM
008 190306b ||||| |||| 00| 0 spa d
040 _aMUNICIPALIDAD PROVINCIAL DEL CUSCO
_cBIBLIOTECA MUNICIPAL DEL CUSCO
082 _a343.33 /
_bO68
100 _aOrmachea Choque, Iván ; Rocío Solís Vargas
_910955
245 _aRetos y Posibilidades de la Conciliacion en el Perú :
_bPrimer Estudio Cualitativo, Propuesta de Políticas y Lineamientos de Acción /
260 _aPerú :
_bConsejo de Coordinacion Judicial ,
_c1998.
300 _a400 páginas ;
_c22.5 cm.
440 _aCuadernos de Debate Judicial : Investigaciones
_n2
_910956
505 _aContenido: Marcos Metodologicos -- Marcos Teoricos -- Aspectos tecnicos de la conciliacion -- Resultados Empiricos de la vision judicial sobre la conciliacion -- Discusión de los hechos -- Identificacion de problemas -- El Acuerdo...
650 _aConciliacion Judicial
_910957
650 _aDerecho Civil
_95265
650 _aProceso Judicial
_910958
942 _2ddc
_cLIBROS
945 _artm